000 00758cam a2200217 4500
001 ABS61990
008 000000n2000 000 0 eng u
035 _a(Sirsi) u104443
100 _aGarlick, R.
245 _aTime to break with planning tradition?
260 _c2000
490 _aPlanning (for the Natural and Built Environment)
_v1356 18 February 2000 11(1)
520 _aReports on the about-turn in attitudes towards separating plan-making and development control functions within local authorities.
590 _aABS
650 _aROLE OF PLANNING IN LOCAL GOVERNMENT
650 _aRTPI
650 _aLOCAL GOVERNMENT
650 _aPLANNING SYSTEM
690 _aENVIRONMENTAL AND LAND CONSULTANCY-PLANNING AND DEVELOPMENT
942 _n0
999 _c62662
_d62662